[Event "LYM - Open Maîtres"]
[Site "Lausanne - Musée Olympique"]
[Date "2001.05.22"]
[Round "1"]
[White "Kostur, Pavel"]
[Black "Schaufelberger, Heinz"]
[Result "1-0"]
[WhiteElo "2576"]
[BlackElo "2268"]
[PlyCount "65"]
[EventDate "2001.??.??"]

1. e4 c5 2. Nf3 Nc6 3. d4 cxd4 4. Nxd4 Qb6 5. Nb3 Nf6 6. Nc3 e6 7. Be3 Qc7 8.
f4 Bb4 9. Bd3 d5 10. e5 Nd7 11. O-O a6 12. Ne2 O-O 13. c3 Be7 14. Kh1 b6 15.
Nbd4 Nc5 16. Bc2 Nxd4 17. Bxd4 Ne4 18. Bxe4 dxe4 19. Ng3 Bb7 20. Nh5 Kh8 21.
Qg4 Rg8 22. Rae1 Bc5 23. Re3 Rad8 24. Qh4 Bxd4 25. cxd4 Rxd4 26. Rg3 Qd8 27.
Nf6 h6 28. Qh5 e3 29. Nxg8 Kxg8 30. f5 Rh4 31. Rxg7+ Kxg7 32. f6+ Kh7 33. Qxf7+
1-0

[Event "LYM - Open Maîtres"]
[Site "Lausanne - Musée Olympique"]
[Date "2001.05.22"]
[Round "1"]
[White "Perruchoud, Benoît"]
[Black "Sokolov, Andrei"]
[Result "0-1"]
[WhiteElo "2242"]
[BlackElo "2568"]
[PlyCount "76"]
[EventDate "2001.??.??"]

1. e4 c5 2. Nf3 e6 3. d4 cxd4 4. Nxd4 Nf6 5. Nc3 d6 6. Be3 a6 7. a4 b6 8. Bd3
Nbd7 9. Nb3 Bb7 10. f4 g6 11. O-O Bg7 12. Qe2 O-O 13. Rad1 Qc7 14. Kh1 Nc5 15.
Nxc5 bxc5 16. Bg1 d5 17. e5 Nd7 18. b3 f6 19. exf6 Nxf6 20. Qxe6+ Kh8 21. Qh3
Nh5 22. f5 Bxc3 23. fxg6 Nf4 24. Rxf4 Rxf4 25. Be3 Raf8 26. Bxf4 Rxf4 27. gxh7
Qg7 28. Rf1 Qf8 29. Rxf4 Qxf4 30. Qf3 Qxf3 31. gxf3 a5 32. Kg2 Bc6 33. Kg3 c4
34. bxc4 dxc4 35. Bxc4 Bxa4 36. Bb3 Be8 37. Kf4 a4 38. Ba2 Bg6 0-1

[Event "LYM - Open Maîtres"]
[Site "Lausanne - Musée Olympique"]
[Date "2001.05.22"]
[Round "1"]
[White "Hebden, Mark"]
[Black "Preiss, Martin"]
[Result "1-0"]
[WhiteElo "2560"]
[BlackElo "2242"]
[PlyCount "91"]
[EventDate "2001.??.??"]

1. d4 f5 2. g3 Nf6 3. Bg2 d5 4. Nf3 e6 5. O-O Bd6 6. c4 c6 7. Bf4 O-O 8. Bxd6
Qxd6 9. Qc2 Ne4 10. e3 Nd7 11. Nbd2 b6 12. Rac1 Bb7 13. Rfd1 Rac8 14. b3 Rfd8
15. Qb2 a5 16. Ne1 Ndf6 17. Nd3 c5 18. Nf3 Ng4 19. Qe2 Qe7 20. Nfe5 Nxe5 21.
Nxe5 cxd4 22. exd4 Qb4 23. Qe3 Qe7 24. f3 Nf6 25. Re1 Re8 26. c5 bxc5 27. dxc5
Bc6 28. Bf1 Qb7 29. a4 Re7 30. Rc3 Qb4 31. Rd1 Be8 32. c6 Rec7 33. Bb5 Qd6 34.
Qd4 h6 35. Re1 Rd8 36. Rce3 Qb4 37. Qxb4 axb4 38. Rd3 d4 39. Red1 Rd5 40. f4
Bh5 41. Re1 Ne4 42. g4 Be8 43. gxf5 Nd6 44. fxe6 Nxb5 45. axb5 Rxb5 46. Rxd4
1-0

[Event "LYM - Open Maîtres"]
[Site "Lausanne - Musée Olympique"]
[Date "2001.05.22"]
[Round "1"]
[White "Trabert, Bettina"]
[Black "Epishin, Vladimir"]
[Result "0-1"]
[WhiteElo "2269"]
[BlackElo "2579"]
[PlyCount "98"]
[EventDate "2001.??.??"]

1. e4 c5 2. c3 b6 3. d4 Bb7 4. Bd3 e6 5. Nf3 Nf6 6. Qe2 Be7 7. O-O d5 8. e5
Nfd7 9. Be3 Nc6 10. a3 a6 11. Ne1 O-O 12. Qg4 f5 13. exf6 Rxf6 14. Bg5 Rf7 15.
Bxe7 Rxe7 16. Qh3 Nf6 17. Nf3 e5 18. dxe5 Nxe5 19. Nxe5 Rxe5 20. Nd2 Qe7 21.
Nf3 Rh5 22. Qg3 Ne4 23. Qg4 Rh6 24. Rfe1 Rf8 25. c4 Rg6 26. Qh4 Qxh4 27. Nxh4
Rgf6 28. Nf3 Nd6 29. cxd5 Bxd5 30. Rad1 Bxf3 31. gxf3 Nb5 32. Bxb5 axb5 33. Re7
h6 34. Rdd7 Rg6+ 35. Kf1 Rxf3 36. h4 Kh7 37. Rb7 Rh3 38. Re4 Rb3 39. Re2 Rg4
40. h5 Rg5 41. Rxb6 Rxh5 42. Rb7 Rg5 43. f4 Rgg3 44. f5 Rgf3+ 45. Rf2 Rxf2+ 46.
Kxf2 Kg8 47. Kg1 Rxb2 48. a4 c4 49. axb5 c3 0-1

[Event "LYM - Open Maîtres"]
[Site "Lausanne - Musée Olympique"]
[Date "2001.05.22"]
[Round "1"]
[White "Patuzzo, Fabrizio"]
[Black "Tukmakov, Vladimir"]
[Result "0-1"]
[WhiteElo "2277"]
[BlackElo "2604"]
[PlyCount "90"]
[EventDate "2001.??.??"]

1. c4 e5 2. g3 c6 3. d4 exd4 4. Qxd4 d5 5. cxd5 cxd5 6. Bg2 Nf6 7. Nf3 Nc6 8.
Qa4 Qb6 9. O-O Bc5 10. Ne5 O-O 11. Nd3 Bd4 12. Nc3 Bf5 13. Nf4 Bxc3 14. bxc3
Rfe8 15. Qb3 Qa6 16. Nxd5 Nxd5 17. Bxd5 Be6 18. Bxe6 Rxe6 19. Rb1 b6 20. Re1
Rxe2 21. Rxe2 Qxe2 22. Bf4 Rd8 23. a4 h6 24. Qb5 Qe4 25. h4 Rd3 26. Rc1 Rxc3
27. Rxc3 Qe1+ 28. Kg2 Qxc3 29. Be3 Ne5 30. Qe8+ Kh7 31. Qa8 Nc6 32. Qb7 Qc4 33.
Qd7 Qe4+ 34. f3 Qc2+ 35. Kh3 Ne5 36. Qd5 f6 37. a5 bxa5 38. Bxa7 a4 39. Bc5 Qe2
40. Qe4+ Qxe4 41. fxe4 Nc4 42. Kg4 a3 43. Bd4 a2 44. Kf5 Nd2 45. g4 Nf3 0-1

[Event "LYM - Open Maîtres"]
[Site "Lausanne - Musée Olympique"]
[Date "2001.05.22"]
[Round "1"]
[White "Adianto, Utut"]
[Black "Pujos, Stephane"]
[Result "1-0"]
[WhiteElo "2589"]
[BlackElo "2273"]
[PlyCount "101"]
[EventDate "2001.??.??"]

1. d4 Nf6 2. c4 g6 3. Nc3 d5 4. Nf3 Bg7 5. Bg5 dxc4 6. e3 Be6 7. Nd2 c5 8. Bxf6
Bxf6 9. Nde4 Bxd4 10. exd4 cxd4 11. Nb1 Nc6 12. Be2 Qb6 13. Nbd2 d3 14. Bf3
Qxb2 15. O-O Qd4 16. Rc1 O-O 17. Nc3 Rac8 18. Re1 Na5 19. Nde4 Rfd8 20. Qd2 Nc6
21. Ng5 Bf5 22. Bxc6 Rxc6 23. Rxe7 Rd7 24. Re8+ Kg7 25. Nf3 Qf6 26. Ne5 Rcd6
27. Nxd7 Rxd7 28. Rce1 Be6 29. h3 a6 30. a4 Rc7 31. Rb8 Qd4 32. Re4 Qf6 33. a5
Rc5 34. Rxb7 Rxa5 35. Re1 Ra3 36. Rc1 Qe5 37. Qb2 Ra5 38. Rd1 Rb5 39. Rxb5 axb5
40. Rb1 Bd7 41. Qd2 Bc6 42. Re1 Qd4 43. Nd1 h5 44. Re7 Qd5 45. Ne3 Qd4 46. Rc7
Qa1+ 47. Nd1 Qf6 48. Qb4 Qe6 49. Ne3 Qf6 50. Qc5 Be4 51. Qxb5 1-0

[Event "LYM - Open Maîtres"]
[Site "Lausanne - Musée Olympique"]
[Date "2001.05.23"]
[Round "2"]
[White "Berkvens, Joost"]
[Black "Hebden, Mark"]
[Result "0-1"]
[WhiteElo "2560"]
[BlackElo "2415"]
[PlyCount "48"]
[EventDate "2001.??.??"]

1. d4 Nf6 2. c4 g6 3. g3 Bg7 4. Bg2 O-O 5. Nc3 d6 6. Nf3 Nc6 7. d5 Na5 8. Nd2
Nd7 9. Qc2 Ne5 10. b3 c6 11. Bb2 cxd5 12. cxd5 Bd7 13. O-O Rc8 14. Rae1 b5 15.
Qb1 b4 16. Nd1 Qb6 17. Kh1 Bb5 18. Qe4 Qc5 19. Ne3 f5 20. Qh4 Bf6 21. Qf4 Bxe2
22. Nxf5 Bxf1 23. Nh6+ Kh8 24. Bxf1 Bg7 0-1

[Event "LYM - Open Maîtres"]
[Site "Lausanne - Musée Olympique"]
[Date "2001.05.23"]
[Round "2"]
[White "Gerber, Richard"]
[Black "Kostur, Pavel"]
[Result "0-1"]
[WhiteElo "2432"]
[BlackElo "2576"]
[PlyCount "86"]
[EventDate "2001.??.??"]

1. e4 c5 2. Nf3 d6 3. d4 Nf6 4. Nc3 cxd4 5. Nxd4 Nc6 6. Be2 g6 7. Be3 Bg7 8.
Qd2 Ng4 9. Bxg4 Bxg4 10. O-O O-O 11. Nxc6 bxc6 12. Bh6 Be6 13. Bxg7 Kxg7 14.
Ne2 Qb6 15. c4 f6 16. Rac1 Bf7 17. Rc3 Rad8 18. Rfc1 d5 19. Rh3 h5 20. exd5
cxd5 21. c5 Qc7 22. Nd4 a6 23. Rg3 Kh7 24. Qd3 e5 25. Qxa6 exd4 26. Qxf6 Rfe8
27. Qxd4 Re4 28. Qd2 d4 29. b4 Rde8 30. f3 Re2 31. Qxd4 Re1+ 32. Rxe1 Rxe1+ 33.
Kf2 Qe7 34. Rg5 Re2+ 35. Kf1 Bc4 36. Qxc4 Re1+ 37. Kf2 Qe3+ 38. Kg3 Qxg5+ 39.
Kf2 Qe3+ 40. Kg3 Qe5+ 41. Kf2 Rd1 42. Qf7+ Kh6 43. Qf8+ Kg5 0-1

[Event "LYM - Open Maîtres"]
[Site "Lausanne - Musée Olympique"]
[Date "2001.05.23"]
[Round "2"]
[White "Bauer, Christian"]
[Black "Cheparinov, Ivan"]
[Result "1/2-1/2"]
[WhiteElo "2612"]
[BlackElo "2447"]
[PlyCount "91"]
[EventDate "2001.??.??"]

1. d4 d5 2. c4 c6 3. Nf3 Nf6 4. e3 e6 5. Bd3 Nbd7 6. O-O Bd6 7. Nc3 O-O 8. e4
dxe4 9. Nxe4 Nxe4 10. Bxe4 h6 11. Re1 e5 12. Bc2 exd4 13. Qxd4 Nf6 14. Bd2 Bg4
15. Bc3 Bc7 16. Ne5 Qxd4 17. Bxd4 Be6 18. b3 Rfd8 19. Bc3 Bb6 20. Nf3 a5 21. h3
a4 22. Rad1 Rxd1 23. Rxd1 Rd8 24. Nd4 axb3 25. axb3 Bc8 26. Kf1 c5 27. Nb5
Rxd1+ 28. Bxd1 Ne4 29. Be1 Bd7 30. Bf3 Bc6 31. Nc3 Nxc3 32. Bxc6 bxc6 33. Bxc3
f5 34. Ke2 Kf7 35. h4 g6 36. h5 gxh5 37. Bd2 Bc7 38. Bxh6 Ke6 39. Be3 Bd6 40.
Kf3 Kf6 41. g3 Bf8 42. Bf4 Be7 43. Bc7 Bf8 44. Ke3 Ke6 45. Bd8 Bh6+ 46. Kf3
1/2-1/2

[Event "LYM - Open Maîtres"]
[Site "Lausanne - Musée Olympique"]
[Date "2001.05.23"]
[Round "2"]
[White "Belotti, Bruno"]
[Black "Adianto, Utut"]
[Result "1/2-1/2"]
[WhiteElo "2440"]
[BlackElo "2589"]
[PlyCount "111"]
[EventDate "2001.??.??"]

1. e4 c6 2. d4 d5 3. Nd2 dxe4 4. Nxe4 Bf5 5. Ng3 Bg6 6. h4 h6 7. Nf3 Nd7 8. h5
Bh7 9. Bd3 Bxd3 10. Qxd3 e6 11. Bd2 Ngf6 12. O-O-O Qc7 13. Ne4 Bd6 14. g3 Nxe4
15. Qxe4 O-O-O 16. c4 Nf6 17. Qc2 c5 18. d5 exd5 19. cxd5 Rhe8 20. Bc3 Qd7 21.
Bxf6 gxf6 22. Nh4 Re5 23. f4 Rxh5 24. Qe2 Rxd5 25. Rxd5 Bxf4+ 26. gxf4 Qxd5 27.
Rd1 Qxd1+ 28. Qxd1 Rxd1+ 29. Kxd1 Kd7 30. Nf5 h5 31. Kd2 b5 32. Kd3 c4+ 33. Ke4
Kc6 34. Kd4 a6 35. a4 Kb6 36. axb5 Kxb5 37. Kc3 Kc5 38. Ne3 h4 39. Nxc4 h3 40.
Nd2 Kd5 41. Nf1 Ke4 42. f5 Kxf5 43. Kd3 Kf4 44. Ke2 Ke4 45. Kf2 Kd3 46. Kg3 Kc2
47. b4 Kc3 48. Kxh3 Kxb4 49. Nd2 Kc3 50. Nb1+ Kb2 51. Nd2 Kc2 52. Nc4 Kd3 53.
Na5 f5 54. Kg3 Ke4 55. Kf2 f4 56. Nb7 1/2-1/2

[Event "LYM - Open Maîtres"]
[Site "Lausanne - Musée Olympique"]
[Date "2001.05.23"]
[Round "2"]
[White "Epishin, Vladimir"]
[Black "Zhao, Xue"]
[Result "0-1"]
[WhiteElo "2579"]
[BlackElo "2428"]
[PlyCount "114"]
[EventDate "2001.??.??"]

1. d4 f5 2. Nf3 Nf6 3. Bg5 e6 4. Nbd2 d5 5. e3 Be7 6. c4 c6 7. Bd3 O-O 8. O-O
h6 9. Bxf6 Bxf6 10. b4 Bd7 11. Nb3 Be8 12. Nfd2 Qe7 13. Rb1 Nd7 14. Qc2 Bh5 15.
Rfc1 g5 16. b5 dxc4 17. Qxc4 Nb6 18. Qc5 cxb5 19. Qxb5 Be8 20. Qc5 Bc6 21. Nc4
Qd8 22. Qd6 Bd5 23. Qxd8 Bxd8 24. Nc5 Rf7 25. a4 Rc7 26. Na3 Be7 27. Nb5 Rcc8
28. Nc3 Bxc5 29. Nxd5 Nxd5 30. Rxc5 b6 31. Rc4 Kf7 32. Kf1 Ke7 33. Ke1 Nc3 34.
Rc1 Rxc4 35. Bxc4 Nxa4 36. Bb3 b5 37. Rc6 Nb2 38. Rxe6+ Kd7 39. Ra6 Nd3+ 40.
Kd2 Nb4 41. Rf6 a5 42. Rxf5 a4 43. Rxb5 axb3 44. Rxb4 Ra2+ 45. Kd3 Rxf2 46.
Rxb3 Rxg2 47. h4 gxh4 48. Rb6 h5 49. Rb5 h3 50. Rxh5 h2 51. e4 Ke7 52. Kc4 Kf6
53. Kd5 Kg6 54. Rh8 Rg5+ 55. Ke6 Rh5 56. Rg8+ Kh7 57. Kf7 Rh3 0-1

[Event "LYM - Open Maîtres"]
[Site "Lausanne - Musée Olympique"]
[Date "2001.05.??"]
[Round "2"]
[White "Loeffler, Stephan"]
[Black "Shchekachev, Andrei"]
[Result "0-1"]
[WhiteElo "2410"]
[BlackElo "2543"]
[PlyCount "102"]
[EventDate "2001.??.??"]

1. Nf3 c5 2. g3 g6 3. Bg2 Bg7 4. O-O e5 5. c4 Nc6 6. Nc3 Nge7 7. a3 a5 8. e3
Nf5 9. b3 d6 10. Bb2 O-O 11. Qc2 Rb8 12. Nb5 Re8 13. Rad1 h6 14. h3 g5 15. d3
Nfe7 16. d4 cxd4 17. exd4 Bf5 18. Qe2 e4 19. Nh2 d5 20. f3 exf3 21. Qxf3 Be6
22. Ng4 f5 23. Ne3 dxc4 24. bxc4 Rf8 25. Qe2 Bd7 26. c5 f4 27. gxf4 gxf4 28.
Ng4 Nf5 29. Rxf4 Qg5 30. Rdf1 h5 31. Ne5 Nxe5 32. dxe5 Nh4 33. Qc4+ Kh8 34.
Rxh4 Rxf1+ 35. Kxf1 Bxb5 36. Rxh5+ Qxh5 37. Qxb5 Qd1+ 38. Kf2 Rf8+ 39. Kg3 Qe1+
40. Kh2 Bxe5+ 41. Bxe5+ Qxe5+ 42. Kg1 Rd8 43. Qf1 Qxc5+ 44. Kh1 Qd6 45. Qf5 b6
46. h4 Qh6 47. Qe5+ Kg8 48. Bd5+ Kf8 49. Qd4 Rd6 50. Qc4 Qf6 51. h5 Qf5 0-1

[Event "LYM - Open Maîtres"]
[Site "Lausanne - Musée Olympique"]
[Date "2001.05.23"]
[Round "3"]
[White "Lazarev, Vladimir"]
[Black "Pähtz, Thomas"]
[Result "1/2-1/2"]
[WhiteElo "2500"]
[BlackElo "2445"]
[PlyCount "32"]
[EventDate "2001.??.??"]

1. d4 Nf6 2. c4 c5 3. d5 b5 4. cxb5 a6 5. bxa6 d6 6. Nc3 Bxa6 7. g3 g6 8. Bg2
Bg7 9. Nf3 Nbd7 10. O-O Nb6 11. Re1 O-O 12. Bf4 Nh5 13. Bg5 h6 14. Bc1 Nf6 15.
Nd2 Ra7 16. h3 Re8 1/2-1/2

[Event "LYM - Open Maîtres"]
[Site "Lausanne - Musée Olympique"]
[Date "2001.05.23"]
[Round "3"]
[White "Kostur, Pavel"]
[Black "Fish, Gannadij"]
[Result "1/2-1/2"]
[WhiteElo "2576"]
[BlackElo "2497"]
[PlyCount "44"]
[EventDate "2001.??.??"]

1. Nf3 Nf6 2. g3 c5 3. Bg2 g6 4. O-O Bg7 5. c4 Nc6 6. d4 cxd4 7. Nxd4 O-O 8.
Nc3 Nxd4 9. Qxd4 d6 10. Qd3 a6 11. Bd2 Rb8 12. a4 Be6 13. b3 Qb6 14. Rab1 Rfc8
15. e4 Ng4 16. Qe2 Ne5 17. h3 Qd4 18. Rfd1 Qd3 19. Qxd3 Nxd3 20. Bg5 Nc5 21.
Nd5 Bxd5 22. exd5 Bf6 1/2-1/2

[Event "LYM - Open Maîtres"]
[Site "Lausanne - Musée Olympique"]
[Date "2001.05.23"]
[Round "3"]
[White "Gaprindashvili, Valeriane"]
[Black "Fressinet, Laurent"]
[Result "0-1"]
[WhiteElo "2486"]
[BlackElo "2575"]
[PlyCount "60"]
[EventDate "2001.??.??"]

1. d4 d5 2. c4 c6 3. Nf3 Nf6 4. e3 Bf5 5. Nc3 e6 6. Nh4 Be4 7. f3 Bg6 8. Qb3
Qb6 9. Nxg6 hxg6 10. Bd2 Nbd7 11. O-O-O Bd6 12. h3 O-O-O 13. Qc2 Qc7 14. g4 Kb8
15. c5 Be7 16. Be1 Ng8 17. b4 Bh4 18. Bd2 e5 19. b5 Ne7 20. Qa4 f5 21. Kc2 f4
22. Rb1 fxe3 23. Bxe3 Bf6 24. bxc6 Nxc6 25. Nb5 Qa5 26. Qb3 exd4 27. Bd2 d3+
28. Kd1 Qa6 29. Qxd5 Qa4+ 30. Rb3 Be5 0-1

[Event "LYM - Open Maîtres"]
[Site "Lausanne - Musée Olympique"]
[Date "2001.05.23"]
[Round "3"]
[White "Hebden, Mark"]
[Black "Ekstroem, Roland"]
[Result "1/2-1/2"]
[WhiteElo "2560"]
[BlackElo "2492"]
[PlyCount "85"]
[EventDate "2001.??.??"]

1. d4 Nf6 2. Nf3 d5 3. c4 e6 4. Bg5 h6 5. Bxf6 Qxf6 6. Qc2 dxc4 7. Qxc4 Nc6 8.
Nc3 Bd6 9. e4 e5 10. Nd5 Qd8 11. dxe5 Nxe5 12. Nxe5 Bxe5 13. f4 c6 14. fxe5
cxd5 15. exd5 O-O 16. Bd3 Qg5 17. O-O Qxe5 18. Rae1 Qd6 19. Qe4 g6 20. Qd4 Be6
21. Bxg6 Qxd5 22. Qf6 Qg5 23. Bb1 Qxf6 24. Rxf6 Kg7 25. Rf3 Rfd8 26. Bf5 Bxf5
27. Rxf5 Rd7 28. h4 Rc8 29. Re2 Rc4 30. g3 Rdc7 31. Ref2 R4c5 32. R5f3 a5 33.
Kg2 b5 34. a3 a4 35. Kh3 Rc4 36. Rf5 b4 37. R2f4 Rxf4 38. Rxf4 b3 39. Rxa4 Rc2
40. Rb4 Rxb2 41. Kg4 Rb1 42. Kh5 b2 43. g4 1/2-1/2

[Event "LYM - Open Maîtres"]
[Site "Lausanne - Musée Olympique"]
[Date "2001.05.23"]
[Round "3"]
[White "Raetsky, Alexander"]
[Black "Bauer, Christian"]
[Result "1/2-1/2"]
[WhiteElo "2445"]
[BlackElo "2612"]
[PlyCount "82"]
[EventDate "2001.??.??"]

1. d4 Nf6 2. c4 e6 3. g3 c5 4. Nf3 cxd4 5. Nxd4 d5 6. Bg2 e5 7. Nc2 d4 8. f4
Nc6 9. Bxc6+ bxc6 10. fxe5 Qa5+ 11. Qd2 Qxe5 12. Qxd4 Qh5 13. Qe3+ Be7 14. Nc3
Bb7 15. Qf3 Qh3 16. Ne3 g6 17. Bd2 O-O-O 18. O-O-O Qe6 19. Rhf1 Rhe8 20. Kb1 h5
21. Bc1 Rxd1 22. Rxd1 Bc5 23. b3 Nd7 24. Nc2 Ne5 25. Qf4 Ng4 26. h4 Qe7 27. a3
Bb6 28. Rf1 f6 29. Rd1 Bc7 30. Qf3 c5 31. Nd5 Qxe2 32. Qxe2 Rxe2 33. Nxc7 Kxc7
34. Bf4+ Ne5 35. Rd2 Rxd2 36. Bxd2 Kd6 37. Kb2 Nd3+ 38. Kc3 Nf2 39. Bf4+ Kc6
40. Ne3 g5 41. Bb8 a6 1/2-1/2

[Event "LYM - Open Maîtres"]
[Site "Lausanne - Musée Olympique"]
[Date "2001.05.23"]
[Round "3"]
[White "Firman, Nazar"]
[Black "Genov, Peter"]
[Result "0-1"]
[WhiteElo "2517"]
[BlackElo "2447"]
[PlyCount "68"]
[EventDate "2001.??.??"]

1. e4 c5 2. Nf3 d6 3. d4 cxd4 4. Nxd4 Nf6 5. Nc3 a6 6. Be3 e6 7. f3 b5 8. Qd2
Nbd7 9. g4 Nb6 10. a4 Nc4 11. Bxc4 bxc4 12. a5 Nd7 13. Qe2 Be7 14. Qxc4 Bh4+
15. Ke2 Bb7 16. Rad1 Be7 17. Qa4 Qc7 18. Nb1 d5 19. exd5 Bxd5 20. Nc3 Bb7 21.
Ne4 Rd8 22. Rd3 O-O 23. Rc3 Qe5 24. Nc6 Bxc6 25. Rxc6 f5 26. Bf4 Qxb2 27. Nc3
Nc5 28. Rxc5 Bxc5 29. Be5 fxg4 30. f4 Qb7 31. Qe4 Qf7 32. h3 Qh5 33. hxg4 Qxg4+
34. Qf3 Rd2+ 0-1

[Event "LYM - Open Maîtres"]
[Site "Lausanne - Musée Olympique"]
[Date "2001.05.24"]
[Round "4"]
[White "Fressinet , Laurent"]
[Black "Varga, Peter"]
[Result "1-0"]
[WhiteElo "2575"]
[BlackElo "2478"]
[PlyCount "45"]
[EventDate "2001.??.??"]

1. e4 c5 2. Nf3 Nc6 3. d4 cxd4 4. Nxd4 Qc7 5. Nc3 e6 6. Be3 a6 7. Bd3 Nf6 8.
O-O Be7 9. Nb3 d6 10. f4 b5 11. Qf3 Bb7 12. Qh3 Nb4 13. a3 Nxd3 14. cxd3 Rc8
15. Rac1 Qd8 16. Nd4 Nd7 17. f5 e5 18. Ne6 Qa5 19. Nxg7+ Kd8 20.
f6 Nxf6 21. b4 Qc7 22. Nd5 Nxd5 23. exd5 1-0

[Event "LYM - Open Maîtres"]
[Site "Lausanne - Musée Olympique"]
[Date "2001.05.24"]
[Round "4"]
[White "Tukmakov, Vladimir"]
[Black "Simutowe, Amon"]
[Result "1/2-1/2"]
[WhiteElo "2604"]
[BlackElo "2470"]
[PlyCount "39"]
[EventDate "2001.??.??"]

1. d4 d5 2. c4 e6 3. Nf3 c6 4. e3 Nf6 5. Bd3 Nbd7 6. O-O Bd6 7. Nc3 O-O 8. e4
dxe4 9. Nxe4 Nxe4 10. Bxe4 f5 11. Bc2 e5 12. c5 Bb8 13. Re1 e4 14. Bb3+ Kh8 15.
Ng5 Nf6 16. f3 Qe8 17. Nh3 Be6 18. Bf4 Bxb3 19. Qxb3 Nd5 20. Bxb8 1/2-1/2

[Event "LYM - Open Maîtres"]
[Site "Lausanne - Musée Olympique"]
[Date "2001.05.24"]
[Round "4"]
[White "Fish, Gannadij"]
[Black "Adianto, Utut"]
[Result "1/2-1/2"]
[WhiteElo "2497"]
[BlackElo "2589"]
[PlyCount "47"]
[EventDate "2001.??.??"]

1. d4 d5 2. c4 dxc4 3. e3 Nf6 4. Bxc4 a6 5. Nf3 b5 6. Bd3 Bb7 7. a4 b4 8. Nbd2
e6 9. O-O c5 10. Qe2 Nbd7 11. Nb3 cxd4 12. exd4 Be7 13. Bg5 O-O 14. a5 Ra7 15.
Rfc1 h6 16. Bd2 Bd5 17. Bc4 Qa8 18. Bf4 Rd8 19. Bg3 Ne4 20. Bxd5 Qxd5 21. Qc4
Qf5 22. Qe2 Qd5 23. Qc4 Qf5 24. Qe2 1/2-1/2

[Event "LYM - Open Maîtres"]
[Site "Lausanne - Musée Olympique"]
[Date "2001.05.24"]
[Round "4"]
[White "Pähtz, Thomas"]
[Black "Hebden, Mark"]
[Result "0-1"]
[WhiteElo "2445"]
[BlackElo "2560"]
[PlyCount "62"]
[EventDate "2001.??.??"]

1. e4 e5 2. Nf3 Nc6 3. Bb5 a6 4. Ba4 Nf6 5. Qe2 b5 6. Bb3 Be7 7. c3 O-O 8. O-O
d5 9. d3 Re8 10. Bg5 Be6 11. Nbd2 h6 12. Bh4 Nh5 13. Bxe7 Rxe7 14. g3 Nf6 15.
a4 b4 16. a5 Rb8 17. Rfb1 Qd6 18. exd5 Bxd5 19. Nh4 g6 20. Bc4 bxc3 21. bxc3
Rxb1+ 22. Rxb1 Nxa5 23. Bxd5 Qxd5 24. Ne4 Nxe4 25. dxe4 Qc6 26. Rb8+ Kh7 27.
Qd1 Rd7 28. Qg4 h5 29. Qe2 Qc4 30. Qf3 Rd3 31. Qe2 Rxg3+ 0-1

[Event "LYM - Open Maîtres"]
[Site "Lausanne - Musée Olympique"]
[Date "2001.05.24"]
[Round "4"]
[White "Gelashvili, Tamaz"]
[Black "Skembris, Spyridon"]
[Result "1/2-1/2"]
[WhiteElo "2535"]
[BlackElo "2450"]
[PlyCount "68"]
[EventDate "2001.??.??"]

1. f4 d5 2. Nf3 Nf6 3. e3 Bg4 4. b3 Nbd7 5. Bb2 e6 6. h3 Bxf3 7. Qxf3 Bd6 8.
Nc3 c6 9. g4 h6 10. h4 h5 11. g5 Ng4 12. O-O-O Qe7 13. e4 d4 14. Ne2 e5 15. f5
Ba3 16. Bh3 a5 17. Bxa3 Qxa3+ 18. Kb1 a4 19. Nc1 axb3 20. cxb3 Nc5 21. Bxg4
hxg4 22. Qg3 f6 23. gxf6 gxf6 24. Qxg4 Nd3 25. Qg6+ Kd8 26. Qxf6+ Kc7 27. Kc2
Nb4+ 28. Kb1 Rhe8 29. Qf7+ Kb6 30. Rdg1 Nxa2 31. Kc2 Nb4+ 32. Kd1 Qxc1+ 33.
Kxc1 Ra1+ 34. Kb2 Ra2+ 1/2-1/2

[Event "LYM - Open Maîtres"]
[Site "Lausanne - Musée Olympique"]
[Date "2001.05.24"]
[Round "4"]
[White "Lalic, Bogdan"]
[Black "Cheparinov, Ivan"]
[Result "1-0"]
[WhiteElo "2501"]
[BlackElo "2444"]
[PlyCount "83"]
[EventDate "2001.??.??"]

1. d4 Nf6 2. c4 g6 3. Nc3 Bg7 4. e4 d6 5. Bd3 O-O 6. Nge2 e5 7. d5 a5 8. f3 Na6
9. Be3 c6 10. O-O Bd7 11. Na4 c5 12. a3 Rb8 13. Rb1 h5 14. Nac3 Nh7 15. Qd2 Qe7
16. Bc2 h4 17. Nb5 Ra8 18. Nec3 f5 19. f4 g5 20. g3 hxg3 21. hxg3 gxf4 22. gxf4
Kh8 23. Rbe1 Rg8 24. Kh1 Raf8 25. Re2 Bf6 26. Rh2 Rg7 27. exf5 Bxb5 28. cxb5
Nb8 29. Ne4 Nd7 30. Nxf6 Rxf6 31. fxe5 Nxe5 32. Bg5 Ng4 33. Bxf6 Qxf6 34. Rh3
b6 35. Qe2 Ne5 36. Qh5 Nf7 37. Re1 Ne5 38. Rg1 Rxg1+ 39. Kxg1 Qg7+ 40. Kh1 Kg8
41. Qe8+ Nf8 42. f6 1-0

[Event "LYM - Open Maîtres"]
[Site "Lausanne - Musée Olympique"]
[Date "2001.05.24"]
[Round "4"]
[White "Zhao, Xue"]
[Black "Lazarev, Vladimir"]
[Result "0-1"]
[WhiteElo "2428"]
[BlackElo "2500"]
[PlyCount "80"]
[EventDate "2001.??.??"]

1. e4 c5 2. Nf3 Nc6 3. d4 cxd4 4. Nxd4 Qc7 5. Nc3 e6 6. Be3 a6 7. Bd3 b5 8. O-O
Bb7 9. Kh1 Nf6 10. Nb3 d6 11. f4 Be7 12. Qf3 Nb4 13. a4 Nxd3 14. cxd3 b4 15.
Na2 a5 16. Nd4 O-O 17. Nc1 Rfc8 18. Ncb3 Qd7 19. g4 Bf8 20. h4 e5 21. g5 Nxe4
22. dxe4 exd4 23. Bxd4 Bxe4 24. Qxe4 Qh3+ 25. Kg1 Qxb3 26. Rf3 Qc4
27. b3 d5 28. Qe3 Qc6 29. Rd1 Re8 30. Qd3 Re4 31. Kf1 Rae8 32. Be5 d4 33. Qb5
Qa8 34. Kf2 Rc8 35. Rd2 Rc3 36. Rxc3 dxc3 37. Rd7 c2 38. Rc7 Qa7+ 39. Rxa7 c1=Q
40. Qd3 Rxe5 0-1

[Event "LYM - Open Maîtres"]
[Site "Lausanne - Musée Olympique"]
[Date "2001.05.24"]
[Round "4"]
[White "Genov, Peter"]
[Black "Ghaem Maghami, Eshan"]
[Result "1-0"]
[WhiteElo "2447"]
[BlackElo "2500"]
[PlyCount "113"]
[EventDate "2001.??.??"]

1. d4 Nf6 2. c4 c5 3. d5 b5 4. cxb5 a6 5. bxa6 Bxa6 6. Nc3 g6 7. Nf3 d6 8. e4
Bxf1 9. Kxf1 Bg7 10. g3 O-O 11. Kg2 Qb6 12. Re1 Na6 13. Nd2 Nb4 14. Nc4 Qa6 15.
Qe2 Rfb8 16. Bf4 h6 17. Rec1 Qb7 18. a3 Na6 19. Rab1 g5 20. Bd2 Qd7 21. Rd1 Qb7
22. Na5 Qd7 23. Nc4 Qb7 24. Be1 Rd8 25. b4 cxb4 26. axb4 Rdc8 27. Na5 Qd7 28.
Nc6 e6 29. Qd3 Kh8 30. Kg1 exd5 31. exd5 Qh3 32. f3 Nd7 33. Ne4 Ne5 34. Nxe5
Bxe5 35. Rdc1 Rxc1 36. Rxc1 Qd7 37. b5 Nc5 38. Nxc5 dxc5 39. Bc3 Bxc3 40. Qxc3+
Kh7 41. Qc2+ Kg7 42. Qxc5 Rd8 43. Qc3+ Kg8 44. Qb3 Qxd5 45. Qxd5 Rxd5 46. Rb1
Rd7 47. b6 Rb7 48. Kf2 Kf8 49. Ke3 Ke7 50. Ke4 Ke6 51. Rb5 f6 52. g4 h5 53.
gxh5 f5+ 54. Kd4 Kd7 55. Ke5 Kc6 56. Rb2 g4 57. f4 1-0

[Event "LYM - Open Maîtres"]
[Site "Lausanne - Musée Olympique"]
[Date "2001.05.24"]
[Round "4"]
[White "Ekstroem, Roland"]
[Black "Kostur, Pavel"]
[Result "1/2-1/2"]
[WhiteElo "2492"]
[BlackElo "2576"]
[PlyCount "103"]
[EventDate "2001.??.??"]

1. d4 Nf6 2. c4 e6 3. Nf3 c5 4. Nc3 cxd4 5. Nxd4 Nc6 6. Ndb5 d5 7. Bf4 e5 8.
cxd5 exf4 9. dxc6 bxc6 10. Qxd8+ Kxd8 11. Rd1+ Ke7 12. Nd4 Bd7 13. g3 fxg3 14.
hxg3 Rb8 15. Rd2 c5 16. Nf3 Bc6 17. Bg2 g6 18. O-O Bh6 19. e3 Rhd8 20. Rfd1
Rxd2 21. Rxd2 Nd7 22. b3 Rc8 23. Rc2 f5 24. Nd2 Ne5 25. Bxc6 Nxc6 26. Nc4 Rd8
27. Na4 Nb4 28. Re2 Rd1+ 29. Kg2 Ra1 30. e4 Rxa2 31. Rxa2 Nxa2 32. exf5 gxf5
33. Nxc5 Nb4 34. g4 Kf6 35. Kg3 Nd5 36. Nd7+ Ke7 37. Nc5 Bf4+ 38. Kh4 Kf6 39.
Nd7+ Ke7 40. Nde5 fxg4 41. Nc6+ Ke6 42. Kxg4 a6 43. b4 Kd7 44. N4e5+ Bxe5 45.
Nxe5+ Ke6 46. Nd3 Kf6 47. Kh5 Kf5 48. Kh6 Ke4 49. Nc5+ Kf3 50. Nxa6 Nxb4 51.
Nxb4 Kxf2 52. Kxh7 1/2-1/2